000 01335nam a22003617a 4500
001 398
003 FISKH
005 20251114091359.0
008 230407b cb ||||| |||| 00| 0 eng d
020 _a0803729227 (alk. paper)
020 _a9781509812523
020 _a9781447234876
040 _aDLC
_cDLC
_dDLC
042 _alcac
050 0 0 _aPZ8.3.D7235
_bSn 2004
082 0 0 _a823.9
_221
100 1 _aDonaldson, Julia.
245 1 4 _aThe snail and the whale /
_cby Julia Donaldson ; illustrated by Axel Scheffler.
260 _aNew York :
_bDial Books for Young Readers,
_c2004.
300 _a16 leaves of plates :
_bcol. ill. ;
_c26 x 29 cm.
505 _aK
520 _aWanting to sail beyond its rock, a tiny snail hitches a ride on a big humpback whale and then is able to help the whale when it gets stuck in the sand.
521 8 _a620
_bLexile AD
521 8 _aK
_bRaz-Plus
650 1 _aSnails
_vFiction.
650 1 _aWhales
_vFiction.
650 1 _aStories in rhyme.
700 1 _aScheffler, Axel.
856 4 2 _3Publisher description
_uhttp://www.loc.gov/catdir/enhancements/fy0720/2003004133-d.html
906 _a7
_bcbc
_corignew
_d1
_eecip
_f20
_gy-gencatlg
942 _2ddc
_cBK
_n0
999 _c398
_d398